Responsabilite penale et folie (Record no. 57866)

MARC details
000 -LEADER
campo de control de longitud fija 00611nam a2200193 i 4500
001 - NÚMERO DE CONTROL
campo de control 57866
003 - IDENTIFICADOR DE NÚMERO DE CONTROL
campo de control ES-MaACL
005 - FECHA Y HORA DE LA ÚLTIMA TRANSACCIÓN
campo de control 20230906163652.0
007 - CAMPO FIJO DE DESCRIPCIÓN FÍSICA--INFORMACIÓN GENERAL
campo de control de longitud fija t|
008 - DATOS DE LONGITUD FIJA--INFORMACIÓN GENERAL
campo de control de longitud fija 031020s1911 fr |||| | fre d
100 1# - ENTRADA PRINCIPAL--NOMBRE DE PERSONA
Nombre de persona Dubuisson, P.
9 (RLIN) 45795
245 10 - MENCIÓN DEL TÍTULO
Título Responsabilite penale et folie
Resto del título : etude medies legale /
Mención de responsabilidad, etc. par P. Dubuisson et A. Vigoroux ; preface Lacssagne.
260 ## - PUBLICACIÓN, DISTRIBUCIÓN, ETC.
Lugar de publicación, distribución, etc. [S.l. :
Nombre del editor, distribuidor, etc. s.n.,
Fecha de publicación, distribución, etc. 1911] (
Lugar de fabricación/manufactura Evreux :
Fabricante Ch. Herissey)
300 ## - DESCRIPCIÓN FÍSICA
Extensión XI, 484 p. ;
Dimensiones 22 cm.
650 04 - PUNTO DE ACCESO ADICIONAL DE MATERIA--TÉRMINO DE MATERIA
Término de materia o nombre geográfico como elemento de entrada Responsabilidad penal.
9 (RLIN) 16869
700 1# - ENTRADA AGREGADA--NOMBRE PERSONAL
Nombre de persona Vigoroux, A.
9 (RLIN) 114670
700 1# - ENTRADA AGREGADA--NOMBRE PERSONAL
Nombre de persona Lacssagne.
9 (RLIN) 69416
852 ## - LOCALIZACIÓN
Ubicación ES-MaACL
Número de control de estantería D-195
Holdings
Estatus retirado Estado de pérdida Estado de daño No para préstamo Biblioteca de origen Biblioteca actual Ubicación en estantería Fecha de adquisición Fuente de adquisición Total de préstamos Signatura topográfica completa Código de barras Visto por última vez Precio de reemplazo Tipo de ítem Koha
        Biblioteca del Ateneo de Madrid Biblioteca del Ateneo de Madrid Sala Valle Inclán 17/01/2008     D-195 901060736 23/02/2023 23/02/2023 Libro impreso